Science Quiz

Random Science Quiz

SLUDGE Quiz Stats

 Plays Quiz not verified by Sporcle

Also try: 'F' Natural World
Challenge
Share
Tweet
Embed
Score 0/6 Timer 01:30
0 Plays Today
'SLUDGE' Answer % Correct
UUrination
93%
SSalivation
90.7%
LLacrimation
83.7%
DDefecation
74.4%
EEmesis
69.8%
GGI
62.8%

You're not logged in!

Compare scores with friends on all Sporcle quizzes.
OR
Log In

You Might Also Like...

Show Comments

Extras

Top Quizzes Today


Score Distribution

Your Account Isn't Verified!

In order to create a playlist on Sporcle, you need to verify the email address you used during registration. Go to your Sporcle Settings to finish the process.

Report this User

Report this user for behavior that violates our Community Guidelines.

Details: